00237nam a2200073Ia 4500008004100000082000800041100001500049245009900064240331s9999 xx 000 0 und d bLIY aLiyanage,K 0aAan Penn Arasiyal Pirathinithithuvam samamaanatha :bpangu muraik kattupadu mattrum payanpadu